000 00738nam a2200241 a 4500
001 14165
003 BD-JhCC
005 20250205120825.0
008 250204b2004 us |||| ||a| 001 0 eng d
020 _a 0321136209
035 _a(BD-JhCC)14165
040 _aBD-JhCC
_dBD-JhCC
041 _aEnglish
082 _a004.68
_bEDN 2004
100 _a Edney, Jon
245 _aReal 802.11 security :
_bWi-Fi protected access and 802.11i /
_cJon Edney, William A. Arbaugh.
260 _aBoston:
_bAddison-Wesley;
_c2004.
300 _axxi, 451 p. :
_bill;
_c24 cm.
651 _aData communication networks
_vIEEE 802.11 (Norme)
_xLokales Netz
_zWireless LANs Security
700 _a Arbaugh,William A.
942 _2ddc
_cBK
999 _c14165
_d14165